000 00468nam a2200169Ia 4500
008 230711s9999||||xx |||||||||||||| ||und||
020 _a978-0-07-070274-5
041 _aENG
082 _a621.309
_bHA-E
100 _aHayt,William H
245 0 _aProblems and solutions in electromagnetics
250 _a8th Ed.
260 _c2015
_aNew Delhi
_bMcGraw Hill Education(India) Private Limited
650 _aElectrical Engineering
700 _aBuck,John A
942 _cBK
999 _c6232
_d6232